Sonic characters - Statistics

General Stats
  • This quiz has been taken 35 times
    25 since last reset
  • The average score is 46 of 89
Answer Stats
Answer % Correct
Eggman
100%
Knuckles The Echidna
100%
Sonic The Hedgehog
100%
Tails The Fox
90%
Amy Rose
80%
Blaze The Cat
80%
Charmy Bee
80%
Cream The Rabbit
80%
Espio The Chameleon
80%
Gamma
80%
Metal Sonic
80%
Omega
80%
Silver The Hedgehog
80%
Tikal The Tchidna
80%
Vector The Crocodile
80%
Big The Cat
70%
Chaos
70%
Cubot
70%
Shadow The Hedgehog
70%
Fang The Sniper
70%
Jet The Hawk
70%
Maria Robotnik
70%
Metal Knuckles
70%
Orbot
70%
Rouge The Bat
70%
Sally Acorn
70%
Storm The Albatross
70%
Vanilla The Rabbit
70%
Wave The Swallow
70%
Bark The Polar Bear
60%
Bean The Dynamite
60%
Black Doom
60%
Cheese
60%
Emerl
60%
Gerald Robotnik
60%
Manic The Hedgehog
60%
Mighty The Armadillo
60%
Princess Elise
60%
Scourge The Hedgehog
60%
Sonia The Hedgehog
60%
Tails doll
60%
Chris Thorndyke
50%
Dark Gaia
50%
Froggy
50%
Gemerl
50%
Honey The Cat
50%
Infinite The Jackal
50%
Light Gaia
50%
Marine The Raccoon
50%
Mecha Sonic
50%
Omochao
50%
Ray The Flying Squirrel
50%
Zavok
50%
Antoine D'Coolette
40%
Bunnie Rabbot
40%
Cosmo The Seedrian
40%
Eggman Nega
40%
Grounder
40%
Iblis
40%
Julie-Su
40%
Mephiles The Dark
40%
Scratch
40%
Silver Sonic
40%
Sticks The Badger
40%
Yacker
40%
Zazz
40%
Zeena
40%
Zik
40%
Aleena The Hedgehog
30%
Charles The Hedgehog
30%
Erazor Djinn
30%
Ifrit
30%
Pachacamac The Echidna
30%
Rotor The Walrus
30%
Shade The Echidna
30%
Zomom
30%
Zor
30%
Caliburn
20%
Ix The Echidna
20%
King Arthur
20%
Shahra The Genie
20%
Snively
20%
Solaris
20%
Bocoe
10%
Bokkun
10%
Coconuts
10%
Decoe
10%
Dark Oak
0%
Lyric The Ancient
0%
No matching quizzes found
Score Distribution
Percent of People with Each Score
Percentile by Number Answered
Your Score History
You have not taken this quiz since the last reset